Oasis de amor / (Registro nro. 8240)

Detalles MARC
000 -LIDER
fixed length control field 00677nam a2200229 a 4500
003 - IDENTIFICACDOR DE NÚMERO DE CONTROL
control field DO-SdBNP
005 - DATE AND TIME OF LATEST TRANSACTION
control field 20240320110412.0
008 - ELEMENTOS DE LONGITUD FIJA
fixed length control field 150826s 2017 ck 000 0 spa d
020 ## - ISBN
International Standard Book Number 9789584809353
040 ## - FUENTE DE CATALOGACIÓN
Agencia que crea de manera original el registro BPMSU
Idioma de catalogación spa
Agencia que realiza la transcripción BPMSU
082 #4 - NÚMERO DE CLASIFICACIÓN DECIMAL DE DEWEY
Classification number Co861.6
Item number S454o 2017
Edition number 22
100 1# - ASIENTO PRINCIPAL -- NOMBRE PERSONAL
Nombre personal Segebre Berardinelli, Roberto Enrique
245 10 - MENCIÓN DE TITULO
Título Oasis de amor /
Mención de responsabilidad Roberto Enrique Segebre Berardinelli
260 ## - PUBLICACIÓN, DISTRIBUCIÓN, ETC. (PIE DE IMPRENTA)
Lugar de publicación, distribución, etc Colombia :
Nombre del editor, distribuidor, etc. Editorial Mejoras,
Fecha de publicación, distribución, etc 2017.
300 ## - DESCRIPCIÓN FÍSICA
Extensión 74 p. ;
Dimensiones 23 cm.
590 ## - NOTA LOCAL
Texto de la nota local Inventariado, 2024/VM
650 #4 - ENCABEZAMIENTO DE MATERIA--TEMÁTICO
Término temático o nombre geográfico como elemento de entrada Poesías colombiana.
650 #4 - ENCABEZAMIENTO DE MATERIA--TEMÁTICO
Término temático o nombre geográfico como elemento de entrada Poesías amorosa
650 #4 - ENCABEZAMIENTO DE MATERIA--TEMÁTICO
Subdivisión de forma Poesías
Término temático o nombre geográfico como elemento de entrada Mujeres
910 ## - VALIDACIÓN
Validación VMateo V. Control de calidad. BPMSU
942 ## - ADDED ENTRY ELEMENTS (KOHA)
Source of classification or shelving scheme Dewey Decimal Classification
Koha item type Libros
Existencias
Withdrawn status Lost status Source of classification or shelving scheme Damaged status Not for loan Collection code Home library Current library Date acquired Source of acquisition Total Checkouts Full call number Barcode Date last seen Koha item type Copy number Price effective from
    Dewey Decimal Classification     Colección Juvenil General Biblioteca Pública Metropolitana Salomé Ureña Biblioteca Pública Metropolitana Salomé Ureña 10/24/2017 Donado por la Embaja de Colombia   BPMSU CJG Co861.6 S454o 2017 BPMSU15080500 08/27/2015 Libros    
    Dewey Decimal Classification     Colección Juvenil General Biblioteca Pública Metropolitana Salomé Ureña Biblioteca Pública Metropolitana Salomé Ureña 10/24/2017 Donado por la Embajada de Colombia   BPMSU CJG Co861.6 S454o 2017 BPMSU17100142 10/24/2017 Libros e.2 10/24/2017
    Dewey Decimal Classification     Colección Juvenil General Biblioteca Pública Metropolitana Salomé Ureña Biblioteca Pública Metropolitana Salomé Ureña 10/24/2017 Donado por la Embajada de Colombia   BPMSU CJG Co861.6 S454o 2017 BPMSU17100143 10/24/2017 Libros e.3 10/24/2017